| 000 | 01166nam a2200289 a 4500 | ||
|---|---|---|---|
| 999 |
_c490020 _d490020 |
||
| 003 | BLK | ||
| 005 | 20250729132329.0 | ||
| 008 | 230323b bul|||||r ||||||| ||bul|| | ||
| 020 | _a9786191932306 | ||
| 040 | _aBLK | ||
| 041 |
_aBUL _cBUL |
||
| 080 |
_aАмериканска литература (на САЩ) _b821.111(73) _x-312.9 _z821.111(73)-312.9 |
||
| 100 |
_aСандерсън, Брандън _eпърви автор _9347185 |
||
| 139 |
_aСандерсън, Брандън _bС 18 |
||
| 245 | 1 | 0 |
_aКъм звездите _cБрандън Сандърсън ; прев. от англ. Цветана Генчева |
| 257 | _aUSA | ||
| 260 |
_aСофия _bАртлайн Студиос _c2021 _n978-619-193- ; 978-954-2908- |
||
| 300 |
_a412 с. _c21 см |
||
| 380 | _aX | ||
| 500 | _aОриг. загл. Starsight / Brandon Sanderson. - Кн. е продължение на Към небето | ||
| 700 |
_aГенчева, Цветана Тодорова _9364265 |
||
| 856 | 4 |
_qpdf _i0.00 _ldisable |
|
| 856 | 4 |
_qpdf _i0.00 _ldisable |
|
| 942 |
_cKNG _n0 _s1 _014 |
||
| 944 |
_aCR _c2023-03-23 _k30576 _lЦветомила Тодорова |
||
| 999 | _d490020 | ||